Personnage de one piece - Statistiques

Statistiques générales
  • Ce quiz a été pris 659 fois
  • Le résultat moyen est 34 sur 38
Statistiques - réponses
Indice Réponse % Correct
Le chapeau de paille Luffy
100%
La navigatrice Nami
100%
Le cuistot Sanji
100%
L’épéiste de l’équipage Zoro
100%
Le tas d’os qui chante Brook
99%
L’amateur de barbe à papa Chopper
99%
Le robot Franky
99%
La femme brune Robin
99%
Frere du chapeau de paille exécuté à mort Ace
98%
Grand corsaire qui fait le CLOWN Baggy
98%
Grand empereur qui a aider luffy pendant son enfance Shanks
98%
Le mytho Usopp
98%
Pere du chapeau de paille et chef de l’armée révolutionnaire Dragon
97%
Frere du chapeau de paille qui est dans l’armée révolutionnaire Sabo
97%
Grand empereur décédé qui était le rival du roi des pirates Barbe blanche
96%
Grand empereur qui dirige l’équipage des bêtes Kaido
96%
Grand corsaire meilleur épéiste du monde Mihawk
96%
Grande corsaire princesse Boa
94%
Amiral de la marine grand père du chapeau de paille Garp
94%
Anciens grand corsaire qui a un crochet en or a sa main Crocodile
93%
La baleine anciennement grand corsaire Jinbe
93%
Le roi des pirates Roger
93%
Grand corsaire qui a été inspirée de Michel Polnareff Doflamingo
92%
Grand corsaire médecin qui a aider le chapeau de paille Law
92%
Amiral de la marine qui a un cigare Akainu
91%
Grand corsaire robot Kuma
91%
Homme poisson qui a retenu la navigatrice avec ses cartes Arlong
89%
Directeur de la prison Magellan
88%
Ancien grand corsaire devenu l’un des 4 empereur Teach
88%
Amiral de la marine aveugle Fujitora
87%
Femme fantôme qui est rester avec un grand corsaire Perona
84%
Second commandement des flottes du roi des pirates Rayleigh
84%
Amiral de la marine qui a une mouette Sengoku
82%
Grand empereur qui adore manger Linlin
78%
Amiral de la marine qui resemble à celui avec une mouette Aokiji
76%
Sœur du cuistot Reiju
73%
Homme musclé avec des lunettes au cheveux rouge Kid
47%
Homme qui a des tambours sur lui Ener
29%
Aucun quiz correspondant
Distribution des résultats
% des personnes avec chaque résultat
Percentile par nombre de réponses
Votre historique - résultats
Vous n’avez pas pris ce quiz